Фотолиз азида серебра и гетеросистем "Азид серебра-металл" "Азид серебра-полупроводник": автореферат диссертации на соискание ученой степени кандидата химических наук

Bibliographic Details
Main Author: Сирик С. М. Светлана Михайловна
Language:Russian
Published: Кемерово, [Б. и.], 1999
Subjects:
Format: Book
KOHA link:https://koha.lib.tpu.ru/cgi-bin/koha/opac-detail.pl?biblionumber=11528

MARC

LEADER 00000nam0a2200000 4500
001 11528
005 20231101204759.0
035 |a (RuTPU)RU\TPU\book\11600 
035 |a BOOK00011666 
090 |a 11528 
100 |a 20011209d1999 k y0rusy50 ca 
101 0 |a rus 
102 |a RU 
105 |a y dm 000zy 
200 1 |a Фотолиз азида серебра и гетеросистем "Азид серебра-металл" "Азид серебра-полупроводник"  |e автореферат диссертации на соискание ученой степени кандидата химических наук  |f С. М. Сирик 
210 |a Кемерово  |c [Б. и.]  |d 1999 
215 |a 20 с. 
606 1 |a Фотолиз  |2 stltpush  |3 (RuTPU)RU\TPU\subj\70746  |9 84951 
610 1 |a катализ гетерогенный 
610 1 |a фотопроцессы 
610 1 |a катализ контактный 
610 1 |a авторефераты диссертаций 
610 1 |a азид серебра 
610 1 |a металлы 
610 1 |a полупроводники 
610 1 |a твердые тела 
675 |a 544.52(04)  |v 3 
700 1 |a Сирик  |b С. М.  |g Светлана Михайловна 
801 0 |a RU  |b 63413507  |c 20011209  |g PSBO 
801 2 |a RU  |b 63413507  |c 20130716  |g PSBO 
942 |c BK